| 000 | 01498nam a2200469 i 4500 | ||
|---|---|---|---|
| 001 | 23400 | ||
| 003 | KOSZ 005 | ||
| 005 | 20210518141720.0 | ||
| 008 | 981103s1986 pl f |000 0 pol | ||
| 015 | _aUWD 1986/418 | ||
| 020 | _a8320204194 | ||
| 035 | _a991007519339705066 | ||
| 035 | _a(PL-WaBN)b11950511-48omnis_nlop | ||
| 035 | _ab11950511 | ||
| 035 | _a(OCoLC)835890317 | ||
| 035 | _azz2005845416 | ||
| 035 | _a(PL)b0000001195051 | ||
| 035 | _a(EXLNZ-48OMNIS_NETWORK)9910036895705606 | ||
| 040 |
_aWA N _cWA N _dKOSZ 005/HR |
||
| 041 | 0 | _apol | |
| 046 | _k1986 | ||
| 080 | _a346.24(438) | ||
| 080 | _a658.115 | ||
| 245 | 0 | 0 |
_aPrawo przedsiębiorstw państwowych : _bpraca zbiorowa / _cpod red. Stanisława Piątka. |
| 260 |
_aWarszawa : _bInstytut Wydawniczy Związków Zawodowych, _c1986. |
||
| 300 |
_a160, [4] s. ; _c21 cm. |
||
| 336 |
_aTekst _btxt _2rdacontent |
||
| 337 |
_aBez urządzenia pośredniczącego _bn _2rdamedia |
||
| 338 |
_aWolumin _bnc _2rdacarrier |
||
| 380 | _aKsiążki | ||
| 388 | _a1901-2000 | ||
| 388 | _a1945-1989 | ||
| 650 | 7 |
_aPrzedsiębiorstwo państwowe _2DBN |
|
| 650 | 7 | _aPrawo | |
| 651 | _aPolska | ||
| 658 | _aGospodarka, ekonomia, finanse | ||
| 658 | _aPrawo i wymiar sprawiedliwości | ||
| 700 | 1 |
_aPiątek, Stanisław _d(1951- ) _eRedakcja |
|
| 856 |
_uhttp://koha.tu.koszalin.pl/cgi-bin/koha/opac-detail.pl?biblionumber=23400 _yKatalog online BPK |
||
| 942 |
_2UKD _cKS |
||
| 999 |
_c23400 _d23400 |
||